Gyilkosság Mars szobra alatt

Elmentve itt :
Bibliográfiai részletek
Szerző: Szolnoki Zoltán
Dokumentumtípus: Cikk
Megjelent: 2014
Sorozat:Aetas 29 No. 1
Kulcsszavak:Vérbosszú Firenze 13. sz., Firenze története vendetta 13. sz.
Online Access:http://acta.bibl.u-szeged.hu/34507
LEADER 00625nab a2200181 i 4500
001 acta34507
005 20210422132552.0
008 161017s2014 hu o 0|| hun d
022 |a 0237-7934 
040 |a SZTE Egyetemi Kiadványok Repozitórium  |b hun 
041 |a hun 
100 1 |a Szolnoki Zoltán 
245 1 0 |a Gyilkosság Mars szobra alatt  |h [elektronikus dokumentum] /  |c  Szolnoki Zoltán 
260 |c 2014 
300 |a 132-140 
490 0 |a Aetas  |v 29 No. 1 
695 |a Vérbosszú Firenze 13. sz., Firenze története vendetta 13. sz. 
856 4 0 |u http://acta.bibl.u-szeged.hu/34507/1/aetas_2014_001_132-140.pdf  |z Dokumentum-elérés